Quo vadis Sverige?

Zahraničný obchod Švédska. Slovensko-švédske obchodné vzťahy. Dovozný a vývozný režim vo vzťahu k SR. Bankový systém. Švédske právo. Hospodárska politika a jej švédsky model. Daňový systém. Investičné prostredie. Zahraničný kapitál a investori. Najbežnejšie formy založenia spoločnosti. Problematika...

Descrizione completa

Salvato in:
Dettagli Bibliografici
Autore principale: Šucha, Jozef
Altri autori: Vaic, J.
Natura: Capitolo di libro
Lingua:slovacco
Soggetti:
Tags: Aggiungi Tag
Nessun Tag, puoi essere il primo ad aggiungerne!!

MARC

LEADER 00000naa a2200000 4500
001 r028052
005 20230919113124.8
041 0 |a slo 
044 |a SK 
245 1 0 |a Quo vadis Sverige?  |c Jozef Šucha, J. Vaic 
520 |a Zahraničný obchod Švédska. Slovensko-švédske obchodné vzťahy. Dovozný a vývozný režim vo vzťahu k SR. Bankový systém. Švédske právo. Hospodárska politika a jej švédsky model. Daňový systém. Investičné prostredie. Zahraničný kapitál a investori. Najbežnejšie formy založenia spoločnosti. Problematika švédskej ekonomiky. 
610 2 0 |a Švédsko 
610 2 0 |a obchod zahraničný 
610 2 0 |a situácia hospodárska 
610 2 0 |a politika hospodárska 
610 2 0 |a Slovensko 
610 2 0 |a investície zahraničné 
610 2 0 |a investori 
610 2 0 |a vzťahy ekonomické 
610 2 0 |a systémy daňové 
610 2 0 |a bankovníctvo 
610 2 0 |a podmienky platobné 
100 1 |a Šucha, Jozef 
700 1 |a Vaic, J.